000 00943cam a2200313 i 4500
001 30807
003 Mx-PuUPA
005 20250328112923.0
008 140415s1994 sp gr 000 0 spa d
017 _aS. 1012-2001
020 _a8430112308
040 _cmx
_aMx-PuUPA
_bspa
_dMx-PuUPA
_erda
041 _aspa
100 1 _aRoss, W. D.
_eautor
240 _aThe right and the good
245 1 0 _aLo correcto y lo bueno /
_cW. D. Ross
250 _aSegunda edición
264 1 _aSalamanca, España :
_bEdiciones Sígueme;
_c1994
300 _a194 páginas ;
_c21 cm
336 _2rdacontent
_atexto
_btxt
337 _2rdamedia
_asin medio
_bn
338 _2rdacarrier
_avolumen
_bnc
520 _a
650 7 _2armarc
_913986
700 _aRodríguez Duplá, Leonardo,
_etraductor
942 _2ddc
_cLI
_hxx
_ixx
_n
999 _c30807
_d30807